00382nam a22001217a 4500003000400000005001700004008004100021020001800062040000800080100002000088245009200108260006000200OSt20160817100716.0160817b xxu||||| |||| 00| 0 eng d a9780803977938 cN/A aGibbons Michael aNew production of Knowledge bDynamics of Science and reseach in contemporary societies aNew DelhibSage publications Asia Pacific Pte Ltdc1994